<?xml version="1.0" encoding="UTF-8"?><?xml-stylesheet type="text/xsl" href="static/style.xsl"?><OAI-PMH xmlns="http://www.openarchives.org/OAI/2.0/" xmlns:xsi="http://www.w3.org/2001/XMLSchema-instance" xsi:schemaLocation="http://www.openarchives.org/OAI/2.0/ http://www.openarchives.org/OAI/2.0/OAI-PMH.xsd"><responseDate>2026-04-28T19:06:26Z</responseDate><request verb="GetRecord" identifier="oai:uvadoc.uva.es:10324/62892" metadataPrefix="marc">https://uvadoc.uva.es/oai/request</request><GetRecord><record><header><identifier>oai:uvadoc.uva.es:10324/62892</identifier><datestamp>2025-03-26T19:45:18Z</datestamp><setSpec>com_10324_5262</setSpec><setSpec>com_10324_5186</setSpec><setSpec>com_10324_29291</setSpec><setSpec>col_10324_62891</setSpec></header><metadata><record xmlns="http://www.loc.gov/MARC21/slim" xmlns:doc="http://www.lyncode.com/xoai" xmlns:xsi="http://www.w3.org/2001/XMLSchema-instance" xmlns:dcterms="http://purl.org/dc/terms/" xsi:schemaLocation="http://www.loc.gov/MARC21/slim http://www.loc.gov/standards/marcxml/schema/MARC21slim.xsd">
<leader>00925njm 22002777a 4500</leader>
<datafield tag="042" ind1=" " ind2=" ">
<subfield code="a">dc</subfield>
</datafield>
<datafield tag="720" ind1=" " ind2=" ">
<subfield code="a">Fauchon, Chloe</subfield>
<subfield code="e">author</subfield>
</datafield>
<datafield tag="260" ind1=" " ind2=" ">
<subfield code="c">2023</subfield>
</datafield>
<datafield tag="520" ind1=" " ind2=" ">
<subfield code="a">En virtud de los tratados internacionales y del derecho de la Unión Europea, el sospechoso debe contar con la asistencia de letrado en todo el proceso penal. Ello es aún más adecuado en la Unión Europea cuando lo que se pretende es crear un Espacio de libertad, seguridad y justicia. No obstante, en los procesos transnacionales esta asistencia letrada carece de efectividad. El presente artículo busca identificar las causas de esta falta de eficiencia y proponer soluciones para subsanar esta carencia. Se sugiere establecer una defensa dual, solución que encuentra, sin embargo, dificultades en la hora de su implementación.</subfield>
</datafield>
<datafield tag="024" ind2=" " ind1="8">
<subfield code="a">Revista de Estudios Europeos; Núm. 82 (2023) pags. 1-29</subfield>
</datafield>
<datafield tag="024" ind2=" " ind1="8">
<subfield code="a">2530-9854</subfield>
</datafield>
<datafield tag="024" ind2=" " ind1="8">
<subfield code="a">https://uvadoc.uva.es/handle/10324/62892</subfield>
</datafield>
<datafield tag="024" ind2=" " ind1="8">
<subfield code="a">10.24197/ree.82.2023.1-29</subfield>
</datafield>
<datafield tag="024" ind2=" " ind1="8">
<subfield code="a">1</subfield>
</datafield>
<datafield tag="024" ind2=" " ind1="8">
<subfield code="a">82</subfield>
</datafield>
<datafield tag="024" ind2=" " ind1="8">
<subfield code="a">29</subfield>
</datafield>
<datafield tag="245" ind1="0" ind2="0">
<subfield code="a">El derecho de defensa del sospechoso en los procesos transnacionales: la necesidad de una defensa dual</subfield>
</datafield>
</record></metadata></record></GetRecord></OAI-PMH>